000 00940nam a2200277 a 4500
001 BRCA_4201
005 20190320204601.0
008 010610s1988----mx-a######---#000-0#spa-#
020 _a9688379476
041 _aspa
044 _amx
050 4 _aF1386.7
_b.P67 1988
100 1 _aPorras Muñoz, Guillermo
_9689
245 1 0 _aPersonas y lugares de la ciudad de México
_bsiglo XVI (Primera serie)
_cGuillermo Porras Muñoz.
260 _aMéxico
_bUNAM, Instituto de Investigaciones Históricas
_c1988
300 _a160 p.
_bil.
_c22 cm.
440 0 _aSerie Historia novohispana
_v37
_910836
500 _aEjemplar engargolado
500 _aPor política no se presta a domicilio
504 _aBibliografía: p. [158]-160
600 1 4 _aZumárraga, Juan de
_d1468-1548
_xCasas y guaridas
_910837
651 4 _aCalle Moneda (Ciudad de México)
_910838
651 4 _aCiudad de México
_xHistoria
_9691
902 _aeng
942 _2lcc
_cB
999 _c3916
_d3916